000 00362nam a2200133Ia 4500
005 20260328104324.0
008 260328s9999||||xx |||||||||||||| ||und||
100 _aParramón, Jose María
245 0 _aCómo Dibujar en Perspectiva /
_cJose María Parramón
260 _bAprender haciendo
300 _a75 p.
650 _aDIBUJO ARQUITECTÓNICO
942 _cBK
999 _c11440
_d11440